Tribotechnika v chemickom priemysle odborný seminár, 9. jún 1998, Bratislava : sprievodný odborný program 30. Medzinárodného chemického veľtrhu INCHEBA '98

Bibliographic Details
Format: Book
Language:Slovak
PhysicalDescription:69 s. grafy, tab. 21 cm
Published: Bratislava Dom techniky ZSVTS 1998
ISBN:8023304100
Subjects:

MARC

LEADER 00000cam a2200000 a 4500
001 vtls001409158
003 SK-MaSNL
005 20260301012355.0
008 231120s1998 xo a fr 10000 slo
015 |a SNBA2001/05-01816 
020 |a 8023304100 
035 |a SNK000363842 
035 |a urn:nbn:sk:snk-amjreb 
035 |a urn:nbn:sk:snk:ar-008u0g 
035 |a de1619de-dad8-47cd-a719-507e33a2dafd 
040 |a SNK  |b slo  |c SNK  |e AACR2 
041 0 |a slo 
044 |a xo  |c SK 
080 |a 621.89:66.0(082)  |2 1981 
080 |a 66.0(082)  |2 1981 
245 0 0 |a Tribotechnika v chemickom priemysle  |b odborný seminár, 9. jún 1998, Bratislava : sprievodný odborný program 30. Medzinárodného chemického veľtrhu INCHEBA '98  |c [autori: kolektív] 
260 |a Bratislava  |b Dom techniky ZSVTS  |c 1998 
300 |a 69 s.  |b grafy, tab.  |c 21 cm 
500 |a Obalový názov 
504 |a Bibliogr. s. 69 
650 0 7 |a priemysel chemický  |x tribológia  |x tribotechnika  |x zborníky  |2 SNK  |9 297274 
650 0 7 |a tribológia  |x tribotechnika  |x zborníky  |2 SNK  |9 297275 
650 0 7 |a tribotechnika  |x zborníky  |2 SNK  |9 63054 
655 7 |a zborníky konferencií  |2 SNKPH  |9 70153 
655 7 |a issue_zb  |2 SNK  |9 276493 
919 |a 80-233-0410-0 
954 |a odborná, vedecká literatúra pôvodná (slovenská)  |2 lita 
958 |a ART 
958 |a TL 
958 |a NB 
958 |a OND 
958 |a EUIPO 
999 |c 553370  |d 555300 
952 |t P60, <03>, [BOOK], {603}  |a SNK  |b SNK  |y PREZ  |7 0  |p 17A0292735  |o snkSC 104233  |i snkKSP 3749/2001  |0 0  |1 0  |4 0  |d 2001-03-12  |l 0  |r 2025-09-25 00:00:00  |w 2026-02-23 
952 |t P60, <04>, [BOOK], {604}  |a SNK  |b SNK  |y VYP  |7 0  |p 17A0292736  |o snkSC 104233 D1  |i snkKSP 3750/2001  |0 0  |1 0  |4 0  |d 2001-03-12  |l 0  |r 2005-01-02 00:00:00  |w 2026-02-23